Quiz sur la Macédoine du Nord - Statistiques

Statistiques générales
  • Ce quiz a été pris 3 479 fois
  • Le résultat moyen est 13 sur 20
Statistiques - réponses
Question Réponse % Correct
Pays frontaliers Grèce
97%
Pays frontaliers Serbie
96%
Pays frontaliers Albanie
95%
Pays frontaliers Kosovo
94%
Pays frontaliers Bulgarie
93%
Empire qui contrôlait la Macédoine du Nord jusqu'en 1912 Empire Ottoman
89%
Capitale Skopje
89%
Pays auquel la Macédoine du Nord appartenait jusqu'en 1991 Yougoslavie
88%
Fils de celui-ci qui a conquis la Perse et l'Égypte, entre autres Alexandre le Grand
87%
L'alphabet macédonien est dérivé de cet autre alphabet Cyrillique
78%
Groupe ethnique qui inclut les Macédoniens, les Tchèques et les Russes Slaves
76%
Sainte catholique, née dans la capitale de la Macédoine du Nord, qui a notamment reçu le Prix Nobel de la Paix en 1979 Mère Teresa
72%
Objet qui figure sur le drapeau national Soleil
69%
Philosophe qui était le précepteur de ce dernier Aristote
57%
Pays qui reçoit 48% des exportations de la Macédoine du Nord Allemagne
34%
Roi qui a permis l'émergence de la Macédoine en soumettant les cités grecques (dont Athènes et Thèbes) à son pouvoir Philippe II
29%
Devise monétaire Denar
27%
L'une des villes les plus peuplées d'Europe autour de l'an 1000, qui partage son nom avec le lac sur laquelle elle se situe Ohrid
20%
La Macédoine du Nord était également connue sous cet acronyme à quatre initiales jusqu'en 2019 ARYM
18%
Plus long fleuve du pays, aussi appelé Axios V{ardar}
14%
Aucun quiz correspondant
Distribution des résultats
% des personnes avec chaque résultat
Percentile par nombre de réponses
Votre historique - résultats
Vous n’avez pas pris ce quiz